Biblioteca

Darwin's pious idea (Registro nro. 63969)

Detalles MARC
000 -LÍDER
Campo fijo de descripción fija 01902cam a2200409 i 4500
001 - NÚMERO DE CONTROL
Campo de control 758010
003 - IDENTIFICADOR DEL NÚMERO DE CONTROL
Campo de control CO-MdFUSB
005 - FECHA Y HORA DE LA ULTIMA TRANSACCIÓN
control field 20180622074845.0
008 - ELEMENTOS DE LONGITUD FIJA -- INFORMACIÓN GENERAL
Campo fijo de descripción fija -- Información general 100810t2010 miua g b 001 0 eng
010 ## - NÚMERO DE CONTROL DE LA BIBLIOTECA DEL CONGRESO
Número de control LC 2010029585
020 ## - NÚMERO INTERNACIONAL NORMALIZADO PARA LIBROS
Número Internacional Normalizado del libro 9780802848383 (cloth : alk. paper)
020 ## - NÚMERO INTERNACIONAL NORMALIZADO PARA LIBROS
Número Internacional Normalizado del libro 0802848389 (cloth : alk. paper)
040 ## - FUENTE DE CATALOGACIÓN
Agencia de catalogación original DLC
Agencia que realiza la transcripción CO-MdFUSB
Agencia que realiza la modificación CO-MdFUSB
Idioma de catalogación spa
Convenciones de la descripción rda
041 ## - CÓDIGO DE IDIOMA
Código de idioma para texto/pista de sonido o título separado eng
049 ## - LOCAL HOLDINGS (OCLC)
Holding library PTSS
082 00 - NÚMERO DE CLASIFICACIÓN DECIMAL DEWEY
Número de la edición del Dewey 22
Número de clasificación G 231.7652
Clave de autor-Numero de item C973d
100 1# - ASIENTO PRINCIPAL--NOMBRE PERSONAL
Nombre personal Cunningham, Conor,
Fechas asociadas con el nombre 1972-
Término relacionador autor
245 10 - TÍTULO
Título del Material Darwin's pious idea
Parte restante del título - Subtitulo : why the ultra-darwinists and creationists both get it wrong
Mención de responsabilidad, etc. / Conor Cunningham
264 #1 - PRODUCCIÓN, PUBLICACIÓN, DISTRIBUCIÓN, MANUFACTURA, Y COPYRIGHT
Lugar de producción, publicación, distribución, manufactura Grand Rapids, Mich. :
Nombre del productor, publicador, distribuidor William B. Eerdmans Pub.,
Fecha de producción, publicación, distribución, manufactura, o copyright ℗[2010]
264 #4 - PRODUCCIÓN, PUBLICACIÓN, DISTRIBUCIÓN, MANUFACTURA, Y COPYRIGHT
Fecha de producción, publicación, distribución, manufactura, o copyright ©2010
300 ## - DESCRIPCIÓN FÍSICA
Extensión xx, 543 páginas :
Otros detalles físicos ilustraciones ;
Dimensiones 24 cm.
336 ## - TIPO DE CONTENIDO
Fuente rdacontent
Término de tipo de contenido
Código de tipo de contenido
337 ## - TIPO DE MEDIO
Fuente rdamedia
Nombre del tipo de medio
Código del tipo de medio
338 ## - TIPO DE SOPORTE
Fuente rdacarrier
Nombre del tipo de soporte
Código Tipo de soporte
501 ## - NOTA DE “CON”
Nota de Contenido Incluye índice (páginas. 523- 543)
505 0# - NOTA DE CONTENIDO
Nota de contenido con formato preestablecido Introducing Darwinism - the received view: disenchantment -- The units of resurrection -- Unnatural selection -- Evolution: making progress? -- Matter over mind: "we have never been modern" -- Naturalizing naturalism: materialism's ghosts -- Another life: "we have never been medieval".
505 0# - NOTA DE CONTENIDO
Nota de contenido con formato preestablecido Introducción al darwinismo, la visión recibida: desencanto -- Las unidades de la resurrección -- Selección antinatural -- Evolución: ¿progresar? -- La materia sobre la mente: "nunca hemos sido modernos" -- Naturalización naturalista: los fantasmas del materialismo -- Otra vida: "nunca hemos sido medievales"
600 10 - ASIENTO SECUNDARIO DE MATERIA - NOMBRE PERSONAL
Nombre personal Darwin, Charles,
Fechas asociadas con el nombre 1809-1882.
650 #7 - ASIENTO SECUNDARIO DE MATERIA - TERMINO TEMÁTICO
Término temático o nombre geográfico como elemento de entrada Creacionismo
9 (RLIN) 252
653 ## - TÉRMINO DE INDIZACIÓN - NO CONTROLADO
Término no controlado Evolución, biología
653 ## - TÉRMINO DE INDIZACIÓN - NO CONTROLADO
Término no controlado Evolución, biología -- Aspectos religiosos -- Cristianismo
942 ## - TIPO DE MATERIAL (KOHA)
Tipo de Item KOHA Libros General
Existencias
Estado de Material Estado de Perdido Forma de Clasificación Estado de Dañado No para Préstamo Colección Biblioteca de Origen Biblioteca Permanente Fecha de Adquisición Total de Préstamos Signatura Topográfica Código de Barras Última vez visto Ejemplar/Existencia Fecha de Remplazo Tipo de Material
    Dewey Decimal Classification     Colección General Biblioteca FUSBC Biblioteca FUSBC 04/08/2017   G 231.7652 C973d 12181 12/12/2019 Ej. 1 04/08/2017 Libros General

Biblioteca FUSBC | Teléfono: (57+4) 349 88 10 Ext. 141| WhatsApp (+57) 3005338115 
E-mail: biblioteca@unisbc.edu.co | Calle 76 87-14 Robledo Palenque, Medellín, Colombia

Con tecnología Koha